000 01198cam a2200229 4500
001 WB4013-16
008 040331n2004 000 0 eng u
035 _a(Sirsi) u125687
245 _aEA won't tolerate Illegal waste activities
260 _c2004
490 _aEnvironment Agency Press Release
_v(42/04) 24 March 2004 (3)
520 _aThe Environment Agency (EA) has published a report warning that illegal waste activity will increase as waste disposal costs rise and capacity for hazardous waste disposal decreases. The EA emphasises that such activity will not be tolerated and warns business to ensure that their waste is disposed of by legitimate waste carriers otherwise they could also be prosecuted. The report, "Hazardous waste - a growing challenge", outlines the challenges in managing hazardous waste and is available from the EA website, http://www.environment-agency.gov.uk/subjects/wast e/232021/232024/743177/?lang=_e.
590 _aWB
590 _aWB
650 _aLANDFILL SITES
650 _aHAZARDOUS WASTE
650 _aWASTE REGULATIONS
650 _aENVIRONMENTAL PROTECTION
650 _aWASTE MINIMISATION
690 _aWASTE MANAGEMENT
942 _n0
999 _c117153
_d117153